| 000 | 00672nam a2200229Ia 4500 | ||
|---|---|---|---|
| 003 | OSt | ||
| 005 | 20221007082120.0 | ||
| 006 | a|||||r|||| 00| 0 | ||
| 007 | ta | ||
| 008 | 221006b |||||||| |||| 00| 0 eng d | ||
| 024 | _a13,248 | ||
| 037 | _cTextual | ||
| 040 |
_aFLL _cFLL _beng |
||
| 041 |
_2eng _aeng |
||
| 082 | _aV73:19(c9B3).N7, L0 | ||
| 100 |
_aSzasz P.C. Au. _9698758 |
||
| 245 | 0 | _aLaw and practices of the international atomic energy agency | |
| 260 |
_aVienna _bInternational atomic energy agency Vienna _c1970 |
||
| 300 |
_a1176p _ccm. |
||
| 942 |
_hV73:19(c9B3).N7, L0 _cTEXL _2CC |
||
| 999 |
_c1165339 _d1165339 |
||